000 00204 a2200097 4500
001 28566
100 _aBadar-ud-Din
245 _aInorganic Chemistry
260 _a
_bFeroz sons
_c
090 _c19131
_d19131
942 _aNUST-CAE
_cM
_c10149
999 _c263639
_d263639